000
00247nam a2200097Ia 4500
005
20251222114414.0
008
251222s1900||||xx |||||||||||||| ||spa||
082
_a
DVD0070/W42T/2006/BR
245
4
_a
The Truman Show: historia de una vida:
942
_c
DVD
999
_c
2153
_d
2153